सामंज्यस्याने कामजीवन फुलवा (Record no. 334389)

MARC details
000 -LEADER
fixed length control field 00655nam a2200169Ia 4500
008 - FIXED-LENGTH DATA ELEMENTS--GENERAL INFORMATION
fixed length control field 090711s9999 xx 000 0 und d
082 ## - DEWEY DECIMAL CLASSIFICATION NUMBER
Item number 1511
100 ## - MAIN ENTRY--PERSONAL NAME
Personal name नार्वेकर श्रीधर
245 ## - TITLE STATEMENT
Title सामंज्यस्याने कामजीवन फुलवा
260 ## - PUBLICATION, DISTRIBUTION, ETC. (IMPRINT)
Date of publication, distribution, etc 1996
300 ## - PHYSICAL DESCRIPTION
Extent 234
600 ## - SUBJECT ADDED ENTRY--PERSONAL NAME
Personal name नार्वेकर श्रीधर
630 ## - SUBJECT ADDED ENTRY--UNIFORM TITLE
Uniform title सामंज्यस्याने कामजीवन फुलवा
700 ## - ADDED ENTRY--PERSONAL NAME
Personal name नार्वेकर श्रीधर
730 ## - ADDED ENTRY--UNIFORM TITLE
Uniform title सामंज्यस्याने कामजीवन फुलवा
942 ## - ADDED ENTRY ELEMENTS (KOHA)
Koha item type Book

No items available.